[Event "BIH-chT1A 28th"]
[Site "Mostar"]
[Date "2021.08.09"]
[Round "6.3"]
[White "Besirevic, Jasmin"]
[Black "Sinanovic, Fadil"]
[Result "1/2-1/2"]
[WhiteElo "1844"]
[BlackElo "1910"]
[PlyCount "23"]
[EventDate "2021.08.06"]
[EventType "team-tourn"]
[EventRounds "9"]
[EventCountry "BIH"]
[SourceTitle "CBM 203 Extra"]
[Source "ChessBase"]
[SourceDate "2021.09.30"]
[SourceVersion "1"]
[SourceVersionDate "2021.09.30"]
[SourceQuality "1"]
[WhiteTeam "Zenica Preporod"]
[BlackTeam "Tesanj"]
[WhiteTeamCountry "BIH"]
[BlackTeamCountry "BIH"]

1. Nf3 g6 2. d4 d5 3. c4 c6 4. cxd5 cxd5 5. Nc3 Bg7 6. e3 Nf6 7. Bb5+ Bd7 8. Qa4 Nc6 9. Qb3 e6 10. 0-0 0-0 11. Bd3 b6 12. Bd2 1/2-1/2